BIBLIOTHÈQUE DE LA MAISON DU MEXIQUE

Logo 1 Logo 2

El pensamiento económico, social y político de México (notice nᵒ 1780)

détails MARC
000 -Sello discográfico
campo de control de longitud fija 00971nam a2200301 4500
005 - Identificación de versión
campo de control 20251017062820.0
035 ## - Otros números de control del sistema
Número de control del sistema 8772
099 ## - fechas locales
Tipo de ítem Koha LIBRO
100 ## - Datos de procesamiento general
Datos de procesamiento general 19970606d1967 m y1spay5003 ba
105 ## - Campo de datos codificados: Material textual, monográfico
Datos codificados de monografía a 001zy
200 1# - Título y mención de responsabilidad
Título propio El pensamiento económico, social y político de México
Designación general del material texto impreso
Otra información del título 1810-1864
Primer mención de responsabilidad Jesús Silva Herzog
205 ## - Declaración de edición
Declaración de edición 1a ed
210 ## - Publicación, distribución, etc.
Lugar de publicación, distribución, etc. México
Nombre del editor, distribuidor, etc. Instituto Mexicano de Investigaciones Económicas
Fecha de publicación, distribución, etc. 1967
215 ## - Descripción física
Designación de material específico y extensión del ítem 748 p
Otras características físicas il.
Dimensiones 24 cm
345 ## - Nota de información de adquisición
Fuente de adquisición/dirección de la suscripción [OBSOLETO] Donación
606 ## - Término temático usado como materia
Elemento de entrada Economía
Subdivisión geográfica México
Subdivisión temática Historia
Número Koha 4420
607 ## - Nombre geográfico utilizado como tema
Elemento de entrada México
Subdivisión temática Condiciones sociales
Número Koha 111
607 ## - Nombre geográfico utilizado como tema
Elemento de entrada México
Subdivisión temática Política y gobierno
Número Koha 390
660 ## - Código de área geográfica
Código MX
700 ## - Nombre personal - Responsabilidad primaria
Elemento de entrada Silva Herzog
Parte del nombre distinta del elemento de entrada Jesús
Fechas 1892-1985
Número Koha 525
801 #0 - Fuente de origen
Agencia cm
900 ## -
-- 1/14196
900 ## -
-- 710973680\\060697
942 ## - ELEMENTOS DE ENTRADA SECUNDARIOS (KOHA)
Tipo de ítem Koha Livre
996 ## -
-- MEX
-- 751145101
-- MMAG
-- 003121
-- 330.972 S586P
-- 20191024LIV
Exemplaires
Estatus retirado Estado de daño Estado de pérdida Fecha de adquisición Biblioteca de origen Biblioteca actual Ubicación en estantería Código de barras Precio de reemplazo Signatura topográfica completa No para préstamo Tipo de ítem Koha Nota pública Nota no pública
      05/08/2025 Casa México Paris Casa México Paris   003121 05/08/2025 330.972 S586P   Livre 20191024LIV 751145101